01211nam a2200265Ia 4500952010900000952010900109999001700218008004100235020001500276050002200291100002500313245013200338260003600470300003500506490002200541500004300563500012000606504003300726505008100759519000900840650003800849650001700887700003400904942000700938 00104070a11b11d2007-01-08l5oBF637.N48 C3918p11 003512r2017-10-05s2017-10-05t1w2012-06-26yLB 00104070a11b11d2007-01-08l2oBF637.N48 C3918p11 003523r2014-05-27s2014-05-27t2w2012-06-26yLB c70376d70376120626s1994 sp a 000 0 spa d a8479271035 aBF637.N48 bC3918 aCayrol, Alaineautor aMente sin límitesb: la programación neurolingüísticac/ Alain Cayrol: Josiane de Saint Paul; traductor de José Serra aEspaña b: Robin Bookc, 1994 a207 páginasb: ilustraciones aDinámica mental aTítulo original: Derriére la magie aIncluye: Prefacio (pp. 9-10), Introducción (pp. 11-12), Glosario (pp. 193-196), Notas y referencias (pp. 197-200) aBibliografía (pp. 201-203) aMarco de la PNL Conceptos y herramientas básicos Anatomía del cambio a d  0aPROGRAMACIÓN NEUROLINGÜISTICA 0aPSICOTERAPIA aSaint Paul, Josiane deeautor cLB